| 000 | 00355nam a2200133Ia 4500 | ||
|---|---|---|---|
| 008 | 220217s9999||||xx |||||||||||||| ||und|| | ||
| 020 | _a81-88057-12-6 | ||
| 082 | _a005.68 CHI | ||
| 100 |
_aChitra, A _93854 |
||
| 245 | 0 | _aInternet java programming | |
| 260 |
_aIndian society for technical edu. _bNew Delhi _c2002 |
||
| 300 | _b350 | ||
| 650 | _aWWW | ||
| 999 |
_c173011 _d173011 |
||